000 00490nam a2200217Ia 4500
001 3220
003 GE_BSU
008 181216s||||||||xx |||||||||||||| ||und||
040 _cGE_BSU
080 _a665.982+553
100 _aСоколов,В.А.
245 _aНефть.
245 _cРед. изд. А.Г.Ионель.
260 _aМ.
260 _bНедра.
260 _c1970.
300 _a382 стр. 21 см.
541 _h20 л.
653 _aНефть.
942 _cBK
999 _c37261
_d37261